000 00615nam a22001457a 4500
020 _a0-439-96335-4
082 _a823
_bRYA/A
100 _aRYAN, MARGARET
245 _aAIRY FAIRY
260 _aNEW DELHI
_bSCHOLASTIC INC
_c2005
300 _a76
520 _aAiry Fairy is messy, accident-prone and generally a disaster, according to her teacher Miss Stickler. Fairy Gropplethorpe's Academy for Good Fairies just don't know what to do with her. After Airy Fairy's school report is the worst in the history of the school (even her spelling is useless - she spells wand, wond!)
650 _aSHORT STORY
942 _cBK
999 _c6342
_d6342